« Retourner aux résultats de recherche
Alpes du Sud
| D'autres auteurs: | Elodie Brutinel Lardier Tiphaine Cariou Johanna Olibé |
|---|---|
| Support: | Livres |
| Langue: | Francais |
| Publié: |
2017 Gallimard loisirs Paris |
| Genre: |
Documentaire |
| Collection: |
Géoguide |
| Sujets: | |
| Étiquettes: |
Ajouter
Pas de Tags !
|
| LEADER | 01244nam0a2200241 450 | ||
|---|---|---|---|
| 001 | 16848274 | ||
| 010 | |a 978-2-7424-4616-2 |b br. |d 14,9 | ||
| 100 | |a 20170612d2017 u u0frey01 ba | ||
| 101 | 0 | |a fre | |
| 102 | |a FR | ||
| 200 | 0 | |a Alpes du Sud |f Celia Benisty, José Darroquy, Pierre Guitton et al. |g avec la collaboration d'Elodie Brutinel Lardier, Tiphaine Cariou, Johanna Olibé | |
| 205 | |a 2e édition | ||
| 207 | 1 | |a | |
| 210 | |a Paris |c Gallimard loisirs |d 2017 | ||
| 215 | |a 1 vol. (463 p.) |c illustrations en couleur, cartes |d 19 x 12 cm | ||
| 225 | 1 | |a Géoguide | |
| 330 | |a Un guide pour découvrir les Alpes du Sud grâce à environ 1.300 sites et adresses pour se loger, se restaurer ou faire du shopping, des propositions d'itinéraires et de visites : les gorges du Verdon, les thermes de Digne-les-Bains ou encore la montagne de Lure. Des encadrés pointent les lieux insolites ou remarquables, les manifestations renommées et les traditions. | ||
| 702 | 0 | |a Brutinel Lardier |b Elodie |4 205 | |
| 702 | 0 | |a Cariou |b Tiphaine |4 205 | |
| 702 | 0 | |a Olibé |b Johanna |4 205 | |
| 900 | |a Documentaire | ||
| 901 | |a Accessible au prêt | ||
| 995 | |a Bibliothèque |c Bibliothèque |f 00156010821791 |h 00156010821791 |k 914.49 ALP |o p |q a |r az |e Bibliothèque | ||
